| 000 | 00595cam a2200217 a 4500 | ||
|---|---|---|---|
| 001 | 479300 | ||
| 005 | 20180205075959.0 | ||
| 008 | 840524s1985 nyua b 001 0 eng | ||
| 010 | _a 84011938 | ||
| 020 |
_a0471883581 : _c$24.95 (est.) |
||
| 040 |
_aDLC _cDLC _dDLC |
||
| 041 | _aeng | ||
| 080 | _a658.4012 | ||
| 082 | 0 | 0 |
_a658.4012 LAU _219 |
| 100 | 1 | _a54 | |
| 101 | _aLID | ||
| 245 | 1 | 0 |
_aBuilding your business plan : _cHarold J. McLaughlin. |
| 504 | _aBibliography: p. 289-290. | ||
| 906 |
_a7 _bcbc _corignew _d1 _eocip _f19 _gy-gencatlg |
||
| 942 |
_2ddc _cBK |
||
| 999 |
_c41799 _d41799 |
||